Úspech mali remeselníci i sprievodný program

Bibliographic Details
Format: Article
Language:Slovak
Subjects:

MARC

LEADER 00000nab a2200000 ar4500
001 vtls008409360
003 SK-MaSNL
005 20260303070127.0
008 051114c2005 xo wr|p|||||||000 b|slo
038 |a PPPK 
040 |a PPPKCL  |b slo  |c PPPKCL  |e AACR2 
041 0 |a slo 
044 |a xo  |c SK 
080 |a 745/749.079(4)  |2 UDC-MRF-SK2 
080 |a 738/739.079  |2 UDC-MRF-SK2 
080 |a 394.6  |2 UDC-MRF-SK2 
245 0 0 |a Úspech mali remeselníci i sprievodný program  |c [autor] (bšl) 
300 |b Fotogr. 
611 2 7 |a Európske ľudové remeslo  |n 15.  |d 2005  |c Kežmarok, Slovensko  |2 pppkcl  |9 1067118 
650 0 7 |a ľudové remeslá  |2 pppkcl  |9 268393 
650 0 7 |a festivaly  |2 pppkcl  |9 3406 
651 7 |a Kežmarok (Slovensko)  |2 pppkcl  |9 26808 
773 0 |t Podtatranské noviny  |g Roč. XLVI, č. 28 (2005), s. 1 
852 |a PPPK  |b KIS3GCP 
999 |c 1754049  |d 1755979